LEADER 01186nam a2200241 u 4500 001 000000009889 003 CaOOAMICUS 005 20070226105244.0 008 940516s1967 vc u000 u mul u 035 $a10247176 040 $aPUL(R)$bita 245 00$aBibliographia synodorum particularium /$ccollegit Jacobus Theodorus Sawicki. 260 $aCittą del Vaticano :$bS. Congregatio de Seminariis et Studiorum Universitatibus,$c1967. 300 $axxx, 379 p. ;$c25 cm 490 1 $aMonumenta iuris canonici.$aSeries C, Subsidia ;$v2 650 4$aConcili e sinodi$zPolonia$xStoria.$0(OLS)http://pul/subject/8042 700 1 $aSawicki, Jacobus Theodorus.$0(OLS)http://pul/name/9741 830 0$aMonumenta iuris canonici.$nSeries C,$pSubsidia ;$v2.$0(OLS)http://pul/title/13985 850 $aPUL 852 $aPUL$W1$xSL Diritto Canonico 3$y77$m262. 99 CAN.7 5.2$j14033$nBK-PRI$b $qDDC 21$B14033$CPULBib$Z2$F14033 $H31973 $82 941 1 $a9 996 $6245$aBibliographia synodorum particularium$9(OLS)http://pul/title/14470 996 $6260$aCittą del Vaticano :$bS. Congregatio de Seminariis et Studiorum Universitatibus$9(OLS)http://pul/publisher/52656 LEADER 01395nam a2200301 u 4500 001 000000014870 003 CaOOAMICUS 005 20070226105820.0 008 941013s1975 it a u000 u ita u 035 $a10349623 040 $aPUL(R)$bita 100 1 $aQuacquarelli, Antonio,$d1918-2001.$0(OLS)http://pul/name/2262 245 13$aIl leone e il drago nella simbolica dell'etą patristica /$cAntonio Quacquarelli. 260 $aBari :$bUniversitą di Bari, Istituto di letteratura cristiana antica,$c1975. 300 $a152 p. :$bill. ;$c24 cm 490 1 $aQuaderni di "Vetera Christianorum" ;$v11 500 $aComprende indici. 504 $aBibliografia: p. 11-14. 650 4$aLeoni$xSimbolismo.$0(OLS)http://pul/subject/10365 650 4$aDrago$xSimbolismo.$0(OLS)http://pul/subject/10366 650 4$aArte e simbolismo cristiano$xStoria.$0(OLS)http://pul/subject/1471 830 0$aQuaderni di "Vetera Christianorum" ;$v11.$0(OLS)http://pul/title/4704 850 $aPUL 852 $aPUL$W1$xSL Religione 1$y3$m22 O 11$j20837$nBK-PRI$b $qStampati$B20837$CPULBib$Z2$F20837 $H $81 941 1 $a8 961 $aINV: 41337 996 $6245$aIl leone e il drago nella simbolica dell'etą patristica$9(OLS)http://pul/title/21335 996 $6260$aBari :$bUniversitą di Bari, Istituto di letteratura cristiana antica$9(OLS)http://pul/publisher/54499